សត្វអីគេ? (Record no. 1088)

MARC details
000 -LEADER
fixed length control field 01436nam a22002657a 4500
005 - DATE AND TIME OF LATEST TRANSACTION
control field 20230803112959.0
020 ## - INTERNATIONAL STANDARD BOOK NUMBER
International Standard Book Number 9789924502012
040 ## - CATALOGING SOURCE
Original cataloging agency FISKH
Language of cataloging eng
Transcribing agency FISKH
Modifying agency FISKH
082 ## - DEWEY DECIMAL CLASSIFICATION NUMBER
Classification number 641.6754
100 ## - MAIN ENTRY--PERSONAL NAME
Personal name Dary, Heng
245 ## - TITLE STATEMENT
Title សត្វអីគេ?
Statement of responsibility, etc. និពន្ធរឿងដោយ ហេង ដារី គូររូបដោយ អ៊ឹម ពិសី
250 ## - EDITION STATEMENT
Edition statement Printing in April 2021
260 ## - PUBLICATION, DISTRIBUTION, ETC.
Place of publication, distribution, etc. Phnom Penh :
Name of publisher, distributor, etc. Sipar,
Date of publication, distribution, etc. 2021.
300 ## - PHYSICAL DESCRIPTION
Extent 20 pages :
Other physical details color illustrations,
Dimensions 21 cm .
505 ## - FORMATTED CONTENTS NOTE
Formatted contents note E <br/>
520 ## - SUMMARY, ETC.
Summary, etc. កូនទាពណ៍លឿងចង់ធ្វើជាមិត្តជាមួយពងសត្វដ៏ចម្លែក។ វារងចាំពងនោះញាស់ ក្រោយមកពងនោះក៏បានញាស់ចេញជាកូននាគ។ កូនទាពណ៍លឿង និងកូននាគ ក៏បានធ្វើជាមិត្តនឹងគ្នា។
520 ## - SUMMARY, ETC.
Summary, etc. A yellow duckling wants to be friends with an egg. She waits for the egg to hatch and then the egg hatches into a baby dragon. The yellow duckling and the baby dragon become friends.
521 ## - TARGET AUDIENCE NOTE
Target audience note 200
Source Lexile estimate
521 ## - TARGET AUDIENCE NOTE
Target audience note E<br/>
Source Raz-Plus
650 ## - SUBJECT ADDED ENTRY--TOPICAL TERM
Topical term or geographic name entry element ពង
Form subdivision មិត្តភាព
General subdivision ទា
650 ## - SUBJECT ADDED ENTRY--TOPICAL TERM
Topical term or geographic name entry element Duck
Form subdivision Friendship
General subdivision Duck
942 ## - ADDED ENTRY ELEMENTS (KOHA)
Source of classification or shelving scheme Dewey Decimal Classification
Koha item type Books
Suppress in OPAC No
999 ## -
-- 1088
-- 1088
Holdings
Withdrawn status Lost status Source of classification or shelving scheme Damaged status Not for loan Collection Home library Current library Shelving location Date acquired Total Checkouts Full call number Barcode Date last seen Date last checked out Copy number Price effective from Koha item type
    Dewey Decimal Classification     Khmer Language Books / សៀវភៅភាសាខ្មែរ Footprints International School Library Network Toul Kork Campus Footprints International School Library Network Toul Kork Campus TK Campus, Room B402, Khmer Book Case 16, Shelves 112-123 / ទូរសៀវភៅខ្មែរលេខ ១៦​ ធ្នើរ ១១២ ដល់ ១២៣ បន្ទប់ B402 សាខាទួលគោក 07/21/2023 3 DAR 641.6754 2023-0150 02/02/2026 01/13/2026 1 07/21/2023 Khmer Books
    Dewey Decimal Classification     Khmer Language Books / សៀវភៅភាសាខ្មែរ Footprints International School Library Network Toul Kork Campus Footprints International School Library Network Toul Kork Campus TK Campus, Room B402, Khmer Book Case 16, Shelves 112-123 / ទូរសៀវភៅខ្មែរលេខ ១៦​ ធ្នើរ ១១២ ដល់ ១២៣ បន្ទប់ B402 សាខាទួលគោក 07/21/2023 2 DAR​ 641.6754 2023-0151 11/13/2025 08/22/2025 2 07/21/2023 Khmer Books